Statistics for Winter Transfer Deadline Day 2023

Click here to take the quiz!

General Stats

  • This quiz has been taken 79 times
  • The average score is 10 of 18

Answer Stats

StatusFromToFeeAnswer% Correct
Done DealBenficaChelsea€121.00mEnzo Fernández
96%
Done DealChelseaArsenal€11.30Jorginho
90%
Done DealParis Saint-GermainNottingham ForestOn LoanKeylor Navas
86%
Done DealBayern MunichManchester UnitedOn LoanMarcel Sabitzer
82%
Done DealSporting LisbonTottenham HotspurOn LoanPedro Porro
73%
Failed DealChelseaParis Saint-GermainHakim Ziyech
62%
Failed DealBrightonArsenalMoises Caicedo
62%
Failed DealInter MilanParis Saint-GermainMilan Škriniar
59%
Done DealTottenham HotspurAtlético MadridFree TransferMatt Doherty
58%
Failed DealFree AgentUnion BerlinIsco
51%
Done DealAtlético MadridNottingham Forest€2.30mFelipe
48%
Done DealBarcelonaSporting LisbonFree TransferHéctor Bellerín
44%
Done DealArsenalCrystal PalaceOn LoanAlbert Sambi Lokonga
39%
Failed DealFiorentinaBarcelonaSofyan Amrabat
37%
Failed DealLeicester CityAtlético MadridCaglar Soyüncü
32%
Done DealBorussia DortmundPSV EindhovenOn LoanThorgan Hazard
28%
Failed DealChelseaWest BromOmari Hutchinson
10%
PlayerFromToFeesiiiu
1%

Score Distribution

Percentile by Number Answered

Percent of People with Each Score

Your Score History

You have not taken this quiz